000 00870cam a2200229 i 4500
003 SA-RiAUC
005 20260114133445.0
008 260101s1906 le g 00000 ara c
040 _aSA-RiAUC
_bara
_cSA-RiAUC
_erda
082 0 4 _a251
090 _aم ن 251 ا ب ن ف
_bا ب ن ف
100 1 _aابن فورك، محمد بن الحسن،
_dتوفي 406 هجري
_eمؤلف.
245 1 0 _aمجموع رسائل في أصول الفقه /
_cمحمد بن الحسن بن فورك.
264 1 _aبيروت :
_b[الناشر غير محدد]،
_c1906
300 _a80 صفحة ؛
_c20 سم
336 _aنص
_btxt
_2rdacontent
_3كتاب
337 _aبدون وسيط
_bn
_2rdamedia
338 _aمجلد
_bnc
_2rdacarrier
650 7 _aأصول الفقه الإسلامي
_2aucsh
942 _2ddc
_cRBOOK COPY
_n0
949 _aSA-JeALM
_d260101
_umohamedma123
_n1
999 _c14061
_d14061